MARC

LEADER 00000nam0a2200000 4500
001 335762
005 20231102004803.0
035 |a (RuTPU)RU\TPU\book\362174 
090 |a 335762 
100 |a 20171003d1985 k y0rusy50 ca 
101 0 |a rus 
102 |a RU 
105 |a a dm 001zy 
200 1 |a Кинетика разложения кристаллических твердых веществ  |e автореферат диссертации на соискание ученой степени доктора химических наук  |e спец. 02.00.15  |f Н. З. Ляхов  |g Академия наук СССР (АН СССР), Сибирское отделение (СО), Институт катализа им. Г. К. Борескова (ИК) 
210 |a Новосибирск  |c [Б. и.]  |d 1985 
215 |a 41 с.  |c ил. 
300 |a Защита сост. 02.04.1986 г. 
320 |a Библиогр.: с. 37-41 ( 38 назв.) 
606 1 |a Химические реакции разложения  |2 stltpush  |3 (RuTPU)RU\TPU\subj\70726  |9 84931 
610 1 |a физическая химия 
610 1 |a твердые вещества 
610 1 |a кинетика 
610 1 |a гетерогенные реакции 
610 1 |a разложение 
610 1 |a кинетические уравнения 
610 1 |a эффект Топли-Смита 
610 1 |a дегидратация 
610 1 |a кристаллогидраты 
610 1 |a температурная зависимость 
610 1 |a топохимические реакции 
610 1 |a авторефераты диссертаций 
610 1 |a библиотека А. Г. Стромберга 
675 |a 544.41(04)  |v 4 
686 |a 02.00.15  |2 oksvnk 
700 1 |a Ляхов  |b Н. З.  |g Николай Захарович 
712 0 2 |a Академия наук СССР (АН СССР)  |b Сибирское отделение (СО)  |b Институт катализа им. Г. К. Борескова (ИК)  |c (Новосибирск)  |2 stltpush  |3 (RuTPU)RU\TPU\col\11571 
801 1 |a RU  |b 63413507  |c 20171003 
801 2 |a RU  |b 63413507  |c 20171130  |g RCR 
942 |c BK